Three Studies on the CMEA

Salvato in:
Dettagli Bibliografici
Autore principale: Csaba, László
Natura: Libro
Lingua:inglese
Pubblicazione: Budapest Hungarian Scientific Council for World Economy 1985
Edizione:1. ed.
Tags: Aggiungi Tag
Nessun Tag, puoi essere il primo ad aggiungerne!!

MARC

LEADER 00000nam a2200000 4500
001 c036319
005 20221220082418.4
041 0 |a eng 
044 |a HU 
245 1 0 |a Three Studies on the CMEA  |c László Csaba 
250 |a 1. ed. 
264 1 |a Budapest  |b Hungarian Scientific Council for World Economy  |c 1985 
300 |a 99 s. 
100 1 |a Csaba, László